| 000 | 04639nam a2201885 4500 | ||
|---|---|---|---|
| 001 | PE-LiUPU | ||
| 003 | PE-LiUPU | ||
| 005 | 20260219062634.0 | ||
| 008 | 020211s2001 sp | ||| ||spa | ||
| 016 | 7 |
_abimoBNE20020100012 _2SpMaBN |
|
| 017 |
_aM 24043-2001 _bOficina Depósito Legal Madrid |
||
| 020 | _a9788420532196 | ||
| 035 | _a(OCoLC)432836709 | ||
| 040 |
_aPE-LiUPU _bspa _cPE-LiUPU _erda |
||
| 041 | 1 |
_aspa _heng |
|
| 080 | _a658.011.8 | ||
| 080 | _a303.733.4 | ||
| 082 |
_223 _a650.1 _bG8871 |
||
| 100 | 1 |
_aGrulke, Wolfgang _0XX1128467 _eautor |
|
| 240 | 1 | 1 |
_a(10) lessons from the future _lEspañol |
| 245 | 1 | 0 |
_a10 lecciones del futuro: _bEl mañana es algo que se puede elegir. Hágalo suyo / _cWolfgang Grulke ; traducción de Francisco Ortiz Chaparro |
| 246 | 3 | 3 | _aDiez lecciones del futuro |
| 250 | _aPrimera edición | ||
| 264 |
_aMadrid _bPearson Educación _c[2001] |
||
| 300 |
_a276 páginas : _bilustrado ; _c21 centímetros. |
||
| 440 | 0 | _aMentes con visión de futuro | |
| 500 | _aIncluye prólogo de John Sifonis, prólogo del autor y agradecimientos. Incluye al final Apéndice. | ||
| 505 | _aIntroducción: La revolución silenciosa... -- La turbulencia económica: una colisión de los ciclos vitales... -- La era de lo individual: Del control centralizado al caos... -- La tecnología rompedora: Catalizadora de la revolución económica -- La empresa inusual -- Las principales empresas de los 2020 -- El gobierno y la economía -- Diez lecciones del futuro. | ||
| 526 | _aP203 | ||
| 526 | _aP200 | ||
| 526 | _aSEG65 | ||
| 526 | _aSEG64 | ||
| 526 | _aSEG63 | ||
| 526 | _aSEG62 | ||
| 526 | _aSEG61 | ||
| 526 | _aSEG60 | ||
| 526 | _aSEG59 | ||
| 526 | _aSEG58 | ||
| 526 | _aSEG57 | ||
| 526 | _aSEG56 | ||
| 526 | _aSEG55 | ||
| 526 | _aSEG54 | ||
| 526 | _aSEG53 | ||
| 526 | _aSEG52 | ||
| 526 | _aSEG51 | ||
| 526 | _aSEG50 | ||
| 526 | _aSEG49 | ||
| 526 | _aSEG48 | ||
| 526 | _aSEG47 | ||
| 526 | _aSEG46 | ||
| 526 | _aSEG24 | ||
| 526 | _aSEG23 | ||
| 526 | _aSEG22 | ||
| 526 | _aSEG21 | ||
| 526 | _aSEG20 | ||
| 526 | _aSEG19 | ||
| 526 | _aSEG18 | ||
| 526 | _aSEG17 | ||
| 526 | _aSEG16 | ||
| 526 | _aSEG14 | ||
| 526 | _aSEG13 | ||
| 526 | _aSEG12 | ||
| 526 | _aSEG11 | ||
| 526 | _aSEG10 | ||
| 526 | _aSEG09 | ||
| 526 | _aSEG06 | ||
| 526 | _aSEG05 | ||
| 526 | _aSEG04 | ||
| 526 | _aSEG03 | ||
| 526 | _aSEG02 | ||
| 526 | _aSEG68 | ||
| 526 | _aSEG66 | ||
| 526 | _aSEG45 | ||
| 526 | _aSEG25 | ||
| 526 | _aSEG01 | ||
| 526 | _aP163 | ||
| 526 | _aP162 | ||
| 526 | _aP161 | ||
| 526 | _aP160 | ||
| 526 | _aP159 | ||
| 526 | _aP158 | ||
| 526 | _aP157 | ||
| 526 | _aP156 | ||
| 526 | _aP155 | ||
| 526 | _aP154 | ||
| 526 | _aP153 | ||
| 526 | _aP152 | ||
| 526 | _aP151 | ||
| 526 | _aP150 | ||
| 526 | _aP149 | ||
| 526 | _aP142 | ||
| 526 | _aP141 | ||
| 526 | _aP140 | ||
| 526 | _aP139 | ||
| 526 | _aP138 | ||
| 526 | _aP137 | ||
| 526 | _aP132 | ||
| 526 | _aP131 | ||
| 526 | _aP130 | ||
| 526 | _aP126 | ||
| 526 | _aP125 | ||
| 526 | _aP124 | ||
| 526 | _aP123 | ||
| 526 | _aP115 | ||
| 526 | _aP122 | ||
| 526 | _aP121 | ||
| 526 | _aP116 | ||
| 526 | _a P114 | ||
| 526 | _aP112 | ||
| 526 | _aP111 | ||
| 526 | _aP104 | ||
| 526 | _aP103 | ||
| 526 | _aP102 | ||
| 526 | _aP101 | ||
| 526 | _aP100 | ||
| 526 | _aP96 | ||
| 526 | _aP95 | ||
| 526 | _aP93 | ||
| 526 | _aP92 | ||
| 526 | _aP91 | ||
| 526 | _aP88 | ||
| 526 | _aP83 | ||
| 526 | _aP82 | ||
| 526 | _aP79 | ||
| 526 | _aP78 | ||
| 526 | _aP75 | ||
| 526 | _aP74 | ||
| 526 | _aP71 | ||
| 526 | _aP69 | ||
| 526 | _a P51 | ||
| 526 | _aP49 | ||
| 526 | _aP48 | ||
| 526 | _aP47 | ||
| 526 | _aP33 | ||
| 526 | _aP31 | ||
| 526 | _a P30 | ||
| 526 | _aP29 | ||
| 526 | _aP27 | ||
| 526 | _aP26 | ||
| 526 | _aP25 | ||
| 526 | _aP24 | ||
| 526 | _a P22 | ||
| 526 | _aP10 | ||
| 526 | _aP09 | ||
| 526 | _a P08 | ||
| 526 | _aP06 | ||
| 526 | _aP05 | ||
| 526 | _aP04 | ||
| 526 | _aP01 | ||
| 650 | 0 |
_aCambio organizacional. _94069 |
|
| 650 | 7 |
_aProspectiva _2embne |
|
| 650 | 0 |
_aÉxito en los negocios _91366 |
|
| 650 | 0 |
_aLiderazgo. _91379 |
|
| 650 | 0 |
_aPsicología aplicada _94038 |
|
| 942 |
_2ddc _cBK _n0 |
||
| 956 | _a2 | ||
| 980 |
_aChristian Lazo Analista Documental _a84-205-3219-3 _aSpMaBN _bBNALCALA _j12/103763 _cSG_PETANTI _618228 _8 _gCRON CRON |
||
| 980 |
_aM 24043-2001 _a84-205-3219-3 _aSpMaBN _bBNALCALA _jAHM/531916 _cSG_PETANTI |
||
| 980 |
_aM 24043-2001 _a84-205-3219-3 _aSpMaBN _bBNALCALA _jDL/1101186 _cCONSERVACI |
||
| 999 |
_c62416 _d62415 |
||